Normal view
MARC view
- THEERTHA, M. S
Entry Personal Name
001 - CONTROL NUMBER
- control field: 5333
003 - CONTROL NUMBER IDENTIFIER
- control field: OSt
005 - DATE AND TIME OF LATEST TRANSACTION
- control field: 20221201150805.0
008 - FIXED-LENGTH DATA ELEMENTS
- fixed length control field: 221201|| aca||aabn | a|a d
040 ## - CATALOGING SOURCE
- Original cataloging agency: OSt
- Transcribing agency: OSt
100 ## - HEADING--PERSONAL NAME
- Personal name: THEERTHA, M. S
- Personal name: VISNA, M. V
- Personal name: CHETAN
- Personal name: NIKHILESH, A
670 ## - SOURCE DATA FOUND
- Source citation: Work cat.: (OSt)17595: THEERTHA, M. S VISNA, M. V CHETAN NIKHILESH, A, DESIGN AND DEVELOPMENT OF AN AUGER TYPE GROWBAG FILLING SYSTEM, 2022
